| 000 | 00778nam a2200205 4500 | ||
|---|---|---|---|
| 001 | 144405 | ||
| 003 | ES-MaACL | ||
| 007 | t| | ||
| 008 | 070214s1982 sp r ||||1| spa d | ||
| 100 | 1 |
_aSirera Turó, José Luis. _9106674 |
|
| 245 | 1 | 3 |
_aEl teatro en el siglo XVII _b: el ciclo de Calderón / _cJosé Luis Sirera Turó ; con la colaboración de José Luis Canet Vallés, Remei Miralles Tomás. |
| 260 |
_aMadrid : _bPlayor, _c1982. |
||
| 300 |
_a136 p. ; _c21 cm. |
||
| 490 | 1 |
_aLectura crítica de la Literatura española ; _v10 |
|
| 700 | 1 |
_aCanet Vallés, José Luis. _934491 |
|
| 700 | 1 |
_aMiralles Tomás, Remei. _981506 |
|
| 830 | 0 |
_aLectura crítica de la Literatura española ; _v10 _9181039 |
|
| 852 |
_aES-MaACL _jL-8244 _bR.108862 |
||
| 999 |
_c144405 _d144405 |
||